000 00263nam a22001217a 4500
041 _aENG
100 _aHons.
245 _aSmall Wells Manual
260 _aWashington
_bAgency for International
_c1969
300 _a156
650 _aIDE ( 05 )
856 _uIDE ( 05 )
999 _c2793
_d2793